000 00570cam a2200217 i 4500
001 2420682
005 20180226034827.0
008 870423r19871978enk b 001 0 eng
010 _a 87003291
020 _a0470204834 (Wiley)
040 _aDLC
_cDLC
_dDLC
041 _aeng
080 _a519.502491 GRE
082 0 0 _a519.502491 GRE
_219
100 1 _a41
101 _aGJEO
245 1 0 _aStatistical methods and the geographer /
_cS. Gregory.
504 _aBibliography: p. 229-234.
906 _a7
_bcbc
_corignew
_d1
_eocip
_f19
_gy-gencatlg
942 _2ddc
_cBK
999 _c43402
_d43402